000 01016nam a2200217 a 4500
005 20200104041750.0
008 161010b2003 ck a|||| |||| 00| 0 spa d
040 _aCO-BoIAVH
_cCO-BoIAVH
041 0 _aspa
044 _ack
090 _aFH-
_b0052
245 0 0 _aÁreas importantes para la conservación de las aves en Colombia - AICAS :
_bFormulario de nominación /
260 _aBogotá?, Colombia :
_bInstituto de Investigación de Recursos Biológicos Alexander von Humboldt,
_c2003?.
300 _a7 páginas :
_bilustraciones ;
_c28 x 22 cm.
504 _aIncluye referencias bibliográficas.
650 2 6 _aConservación de la naturaleza
_zColombiia
_vPreguntas y respuestas
_vFolletos
650 2 6 _aAves
_xconservación
_zColombia
_vPreguntas y respuestas
_vFolletos
650 2 6 _aReservas naturales
_xAves
_xconservación
_zColombia
_vPreguntas y respuestas
_vFolletos
710 2 _aInstituto de Investigación de Recursos Biológicos Alexander von Humboldt
942 _2z
_cFolleto
999 _c19070
_d19070